Wszystkie kluby które grały w Lidze mistrzów - Statystyki

Ogólne statystyki
  • Ten quiz został rozwiązany 132 razy
  • Średni wynik to 61 z 154
Statystyki odpowiedzi
Państwo Klub % Poprawnych
Niemcy Bayern
96%
Borussia Dortmund
91%
Manchester City
91%
Anglia Manchester United
89%
Liverpool
86%
Arsenal
84%
Bayer Leverkusen
84%
Chelsea
84%
Real Madryt
83%
Hiszpania Barcelona
81%
Włochy Juventus
78%
Inter
77%
Francja PSG
77%
Milan
74%
RB Lipsk
74%
Tottenham
73%
Holandia Ajax
72%
Atletico Madryt
72%
Portugalia Benfica
70%
Polska Legia
70%
Porto
70%
PSV
69%
Roma
69%
Napoli
68%
Lazio
67%
Schalke
67%
Sporting
67%
Aston Villa
65%
Lyon
65%
Marsylia
64%
Rosja CSKA
63%
Valencia
63%
Dynamo Kijów
62%
Szkocja Celtic
60%
Turcja Galatasaray
59%
Leicester
58%
Sevilla
58%
Ukraina Szachtar
58%
Feyenoord
57%
Rangers
57%
Czechy Sparta Praga
57%
Wolfsburg
57%
Athletic Bilbao
56%
Besiktas
56%
Borussia Monchengladbach
56%
Widzew
56%
Braga
54%
Stuttgart
54%
Werder
54%
Belgia Anderlecht
52%
Eintracht
52%
Fenerbahce
52%
Newcastle
52%
Atalanta
51%
Real Sociedad
51%
AEK
49%
Zenit
49%
Real Betis
48%
Szwajcaria Young Boys
48%
Austria
47%
Hamburg
46%
Deportivo La Coruna
43%
Monaco
43%
Basel
42%
Slavia Praga
42%
Chorwacja Dinamo Zagrzeb
41%
Fiorentina
41%
Gent
41%
Lille
41%
Serbia Crvena Zvezda
40%
Genk
40%
Lens
40%
Rapid
40%
Spartak Moskwa
40%
Villarreal
40%
Club Brugge
38%
Parma
38%
Lokomotiv
37%
Białoruś BATE Borysów
36%
Trabzonspor
36%
Udinese
36%
Union Berlin
36%
AZ
35%
Słowacja Slovan
33%
Malmo
32%
Norwegia Rosenborg
32%
Kazachstan Astana
31%
Bordeaux
31%
Girona
31%
Leeds
31%
Viktoria Pilzno
31%
Cypr APOEL
30%
Węgry Ferencvaros
30%
Hajduk
30%
Hoffenheim
30%
Partizan
30%
Bologna
28%
Finlandia HJK
28%
Malaga
28%
Rubin
28%
Sturm
28%
Austria Red Bull Salzburg
27%
Twente
27%
Celta
26%
Mołdawia Sheriff
26%
Blackburn
25%
Cluj
25%
Montpellier
25%
Panathinaikos
25%
Rumunia FCSB
23%
Krasnodar
23%
Brest
22%
Słowenia Maribor
22%
Azerbejdżan Qarabag
22%
Basaksehir
21%
Kaiserslautern
21%
Molde
21%
Standard Liege
21%
Zurich
21%
Auxerre
20%
Boavista
20%
Rennes
20%
Herta
19%
Nantes
19%
AIK
17%
Grecja Olympiacos
17%
Brondby
16%
Antwerp
14%
Izrael Maccabi Tel-Aviv
14%
Bułgaria Ludogorets
12%
Mallorca
12%
Zilina
12%
Bursaspor
11%
Szwecja Goteborg
11%
Maccabi Haifa
10%
Aalborg
9%
Grasshopper
9%
Otelul
9%
Heerenveen
7%
Midtjylland
7%
Willem
7%
Hapoel Tel-Aviv
6%
Petrzalka
6%
Unirea
6%
Debrecen
5%
Rostov
5%
Dania Copenhaga
4%
Levski
4%
Nordsjaelland
4%
Thun
4%
Anorthosis
2%
Helsingborg
2%
Kosice
2%
Lierse
2%
Nie znaleziono quizów pasujących do podanych kryteriów
Rozkład punktacji
Procent ludzi z każdym wynikiem
Percentyl według liczby udzielonych odpowiedzi
Twoja historia wyników
Nie rozwiązałeś tego quizu